000 00438nam a2200205Ia 4500
001 13291
003 GE_BSU
008 181216s||||||||xx |||||||||||||| ||und||
020 _a0553505432
040 _cGE_BSU
080 _a821.111-312.4
100 _aStronc,Tony.
245 4 _aThe Death Pit.
260 _aLondon.
260 _bBantam Books.
260 _c1999.
300 _a473p;18cm.
653 _aThe Death Pit.
942 _cBK
999 _c46453
_d46453